Quiz des logo de marques de voitures - Statistiques

Statistiques générales
  • Ce quiz a été pris 292 fois
    264 depuis la dernière actualisation
  • Le résultat moyen est 7 sur 8
Statistiques - réponses
Par images Réponse % Correct
BMW
100%
Peugeot
94%
Tesla
94%
Opel
92%
Skoda
91%
Hyundai
85%
Citroen
73%
Buick
27%
Aucun quiz correspondant
Distribution des résultats
% des personnes avec chaque résultat
Percentile par nombre de réponses
Votre historique - résultats
Vous n’avez pas pris ce quiz depuis la dernière actualisation